000 00850nam a22002531u 4500
001 06972
003 HDC
007 cr bn ---
008 210125p9999 o d 00 engg
040 _aHDC
100 _aSze, Ek
_eauthor
_97463
245 0 _aPhytogenic Feed Additive : A Natural Performer / by
_cEk Sze
260 _a[No Place] :
_b[publisher not identified],
_c[no year]
300 _a62 pages :
_billustrations
336 _atext
_2rdacontent
337 _acomputer
_2rdamedia
338 _aonline resource
_2rdacarrier
650 _aNatural product
_97464
650 _aPhytogenic Feed
_97465
856 _zRequest full-text at [email protected]
942 _2lcc
942 _cSLIDE
942 _kSLID 000215
999 _c4296
_d4296